000 00912cab a2200277 4500
001 ABS51834
008 090401t1994 xxu||||| |||| 00| 0 eng d
035 _a(Sirsi) u45906
041 _aeng
245 _aJoint ownership of land
260 _c1994
350 _a0
490 _aEstates Gazette
_v(9447) 26 November 1994, 158-159(2)
520 _aMainly for Students article on ways in which land may be held jointly, highlighting equitable interests, valuation problems and the distinction between beneficial joint tenants and tenants-in-common.
650 _aBENEFICIAL JOINT TENANTS
650 _aBENEFICIAL OWNERS
650 _aEQUITABLE INTERESTS
650 _aJOINT OWNERSHIP
650 _aJOINT TENANCIES
650 _aLAND OWNERSHIP
650 _aLAW OF PROPERTY ACT 1925
650 _aTENANTS-IN-COMMON
690 _aPROPERTY LAW AND PRACTICE
942 _n0
948 _c04/03/1997
999 _c29043
_d29043